000 00219nam a22000857a 4500
999 _c11722
_d11722
008 200110b ||||| |||| 00| 0 eng d
100 _aBemelmans Ludwing
_97412
245 _aMadeline
260 _aNew York
_bPenguin Books
_c1978